MEHMAN SARAI (مہمانسر ائے ) (Record no. 321301)
[ view plain ]
| 000 -LEADER | |
|---|---|
| fixed length control field | 00411 a2200157 4500 |
| 001 - CONTROL NUMBER | |
| control field | 86228 |
| 003 - CONTROL NUMBER IDENTIFIER | |
| control field | NUST |
| 005 - DATE AND TIME OF LATEST TRANSACTION | |
| control field | 20180122100218.0 |
| 008 - FIXED-LENGTH DATA ELEMENTS--GENERAL INFORMATION | |
| fixed length control field | 180122b xxu||||| |||| 00| 0 eng d |
| 020 ## - INTERNATIONAL STANDARD BOOK NUMBER | |
| International Standard Book Number | 9789693505924 |
| 082 ## - DEWEY DECIMAL CLASSIFICATION NUMBER | |
| Classification number | 891.4392 ASH |
| 100 ## - MAIN ENTRY--PERSONAL NAME | |
| Personal name | Ashfaq Ahmed |
| 9 (RLIN) | 651 |
| 245 ## - TITLE STATEMENT | |
| Title | MEHMAN SARAI (مہمانسر ائے ) |
| Statement of responsibility, etc. | Ashfaq Ahmed |
| 250 ## - EDITION STATEMENT | |
| Edition statement | 1st |
| 260 ## - PUBLICATION, DISTRIBUTION, ETC. | |
| Place of publication, distribution, etc. | Lahore |
| Name of publisher, distributor, etc. | Sang e Meel |
| Date of publication, distribution, etc. | 2007 |
| 300 ## - PHYSICAL DESCRIPTION | |
| Extent | 213p. |
| 500 ## - GENERAL NOTE | |
| General note | General Collection |
| 942 ## - ADDED ENTRY ELEMENTS (KOHA) | |
| Institution code [OBSOLETE] | CAE NUST |
| Koha item type | Book |
| Call number prefix | 891.4392 ASH |
| Source of classification or shelving scheme | |
| Withdrawn status | Lost status | Damaged status | Not for loan | Collection code | Permanent Location | Current Location | Date acquired | Total Checkouts | Full call number | Barcode | Date last seen | Price effective from | Koha item type |
|---|---|---|---|---|---|---|---|---|---|---|---|---|---|
| College of Aeronautical Engineering (CAE) | College of Aeronautical Engineering (CAE) | 04/03/2017 | 891.4392 ASH | CAE85168 | 04/05/2017 | 04/05/2017 | Book |
